| 000 | 00349nam a22001577a 4500 | ||
|---|---|---|---|
| 003 | SGT | ||
| 020 | _a978-93-89587-36-4 | ||
| 082 |
_a616.0757 _bD20G |
||
| 100 | _aGARG, ANJU | ||
| 245 | _aDIAGNOSTIC RADIOLOGY GENITOURINARY IMAGING | ||
| 250 | _a4TH | ||
| 260 |
_aINDIA _bJAYPEE _c2020 |
||
| 300 | _a362 | ||
| 650 | _aRADIOLOGY | ||
| 942 |
_2ddc _cBK |
||
| 999 |
_c19702 _d19702 |
||